01111 a2200169 45000010006000000050017000060080041000230030015000640400040000790800066001192450035001852640036002203000025002565050632002810410008009131000020009216351820260407155933.0260407a1974 arg spa dAR-UNSa-BCEJYS aAR-UNSa-BCEJYSbspacAR-UNSa-BCEJYS a004.42xProgramación de ordenadores. Programas de ordenador10aProcesamiento de información 1aBuenos Aires :bEl Ateneoc1974 axiii, 334 p.c22 cm. a1. El desarrollo histórico del procesamiento de información – 2. La tarjeta perforada y el equipo de registro unitario – 3. Elementos del pensamiento respecto de la solución de problemas: el hombre y la computadora – 4. Representación de datos – 5. Elementos y funciones – 6. El “HARDWARE” – 7. Aritmética binaria y hexadecimal – 8. Lógica y redes de conmutación – 9. Decisiones programadas – 10. Archivos: organización y mantenimiento – 11. Programación – 12. Lenguajes de programación – 13. Tiempo compartido – 14. Sistemas empresariales – 15. Analistas de sistemas –  aspa1 aClark, Frank J.